Sports Quiz

Random Sports Quiz

Wooden Award Winners 2000-Present Quiz Stats

Quiz not verified by Sporcle

Also try: Big 4 Team Locator
Challenge
Share
Tweet
Embed
Score 0/14 Timer 05:00
0 Plays Today
Year Player % Correct
2006-07Kevin Durant
95.2%
2008-09Blake Griffin
95.2%
2011-12Anthony Davis
92.9%
2010-11Jimmer Fredette
88.1%
2012-13Trey Burke
85.7%
2013-14Doug McDermott
85.7%
2000-01Shane Battier
83.3%
Year Player % Correct
2004-05Andrew Bogut
83.3%
2003-04Jameer Nelson
81%
2007-08Tyler Hansbrough
81%
2001-02Jay Williams
78.6%
2009-10Evan Turner
76.2%
2005-06J.J. Redick
71.4%
2002-03T.J. Ford
64.3%

You're not logged in!

Compare scores with friends on all Sporcle quizzes.
Join for Free
OR
Log In

You Might Also Like...

Show Comments

Extras

Created Apr 5, 2014ReportNominate
Tags:award, player, school, winner, wooden

Top Quizzes Today


Score Distribution

Your Account Isn't Verified!

In order to create a playlist on Sporcle, you need to verify the email address you used during registration. Go to your Sporcle Settings to finish the process.

Report this User

Report this user for behavior that violates our Community Guidelines.

Details: